000 01291nam a2200337Ia 4500
001 ebr10658942
003 CaPaEBR
006 m u
007 cr cn|||||||||
008 070717s2007 nyua sb 001 0 eng d
010 _z 2007029504
020 _z9781600219146 (hardcover)
020 _z9781606927533
040 _aCaPaEBR
_cCaPaEBR
035 _a(OCoLC)300276570
050 1 4 _aQP383.25
_b.T38 2007eb
082 0 4 _a612.8/25
_222
100 1 _aTaupin, Philippe.
245 1 4 _aThe hippocampus
_h[electronic resource] :
_bneurotransmission and plasticity in the nervous system /
_cPhilippe Taupin.
260 _aNew York :
_bNova Biomedical Books,
_cc2007.
300 _a144 p. :
_bill. (some col.)
504 _aIncludes bibliographical references and index.
533 _aElectronic reproduction.
_bPalo Alto, Calif. :
_cebrary,
_d2013.
_nAvailable via World Wide Web.
_nAccess may be limited to ebrary affiliated libraries.
650 0 _aHippocampus (Brain)
_xPhysiology.
650 0 _aNeural transmission.
650 0 _aNeuroplasticity.
650 0 _aGABA.
655 7 _aElectronic books.
_2local
710 2 _aebrary, Inc.
856 4 0 _uhttp://site.ebrary.com/lib/rucke/Doc?id=10658942
_zAn electronic book accessible through the World Wide Web; click to view
999 _c167333
_d167333